000
00527nam a2200169Ia 4500
008
090711s9999 xx 000 0 und d
082
_b
80976
100
_a
सरदेसाई लक्ष्मणराव
245
_a
सोनेरी ऊन
260
_c
1964
300
_a
160
600
_a
सरदेसाई लक्ष्मणराव
630
_a
सोनेरी ऊन
700
_a
सरदेसाई लक्ष्मणराव
730
_a
सोनेरी ऊन
942
_c
BOOK
999
_c
314846
_d
314846